Dignidad e igualdad en derechos: el acoso en el trabajo
Uloženo v:
| Hlavní autoři: | , |
|---|---|
| Médium: | Kniha |
| Jazyk: | španělština |
| Vydáno: |
Madrid
Dykinson S. L
2012
|
| Témata: | |
| Tagy: |
Přidat tag
Žádné tagy, Buďte první, kdo vytvoří štítek k tomuto záznamu!
|
MARC
| LEADER | 00000cam a2200000 a 4500 | ||
|---|---|---|---|
| 001 | UCF7522 | ||
| 003 | CL-VaPUC | ||
| 008 | 130627e20120000SP |||||||||||||||||spa|d | ||
| 020 | |a 9788490310229 | ||
| 082 | 0 | 4 | |a 344.4601 |b RUB |2 21 |
| 100 | 0 | |a Rubio, Ana |e author |9 569572 | |
| 700 | 0 | |a Gil Ruiz, Juana María |e author |9 569573 | |
| 245 | 1 | 0 | |a Dignidad e igualdad en derechos: el acoso en el trabajo |
| 300 | |a 219 p | ||
| 942 | |c BK | ||
| 945 | |d 20130627 00:00:00 |a dcastane | ||
| 260 | |a Madrid |b Dykinson S. L |c 2012 | ||
| 650 | 7 | |a DERECHO LABORAL |2 CL-VaPUC |9 15 | |
| 650 | 0 | |a Acoso sexual |9 375340 | |
| 650 | 0 | |a Acoso laboral |9 524688 | |
| 583 | |a last modification |c 20170803 01:09:41 |k Rodrigo Vera | ||
| 999 | |c 352345 |d 352343 | ||
| 952 | |0 0 |1 0 |4 0 |6 344_460100000000000_RUB_2012 |7 0 |8 A |9 456832 |a BIBDER |b BIBDER |d 2019-11-22 |i 4981936 |o 344.4601 RUB 2012 |p 4981936 |r 2023-01-25 |w 2019-11-22 |y BK |k DER | ||